Normal view
MARC view
- Balochistān (Pakistan)
Entry Geographic Name
001 - CONTROL NUMBER
- control field: 4611
003 - CONTROL NUMBER IDENTIFIER
- control field: NUST
005 - DATE AND TIME OF LATEST TRANSACTION
- control field: 20170915113711.0
008 - FIXED-LENGTH DATA ELEMENTS
- fixed length control field: 170915|| aca||aabn | a|a d
040 ## - CATALOGING SOURCE
- Original cataloging agency: NUST
- Transcribing agency: NUST
151 ## - HEADING--GEOGRAPHIC NAME
- Geographic name: Balochistān (Pakistan)
- General subdivision: Civilization.
670 ## - SOURCE DATA FOUND
- Source citation: Work cat.: (NUST)0: Qādrī, Kāmil, 1932- 4609, Muhimmāt-i Balocistān /, 2008
